Statistics for Regions of New Zealand Map Quiz

Click here to take the quiz!

General Stats

  • This quiz has been taken 4,636 times
  • The average score is 10 of 16

Answers on the Map

Answers color-coded by a green-red scale on the quiz's map according to % correct below.
 

Answer Stats

Answer% Correct
Auckland
87%
Wellington
77%
Southland
75%
Northland
74%
West Coast
70%
Canterbury
68%
Bay of Plenty
66%
Hawke's Bay
66%
Otago
64%
Nelson
60%
Gisborne
59%
Manawatu-Wanganui
58%
Taranaki
58%
Waikato
56%
Marlborough
52%
Tasman
42%

Score Distribution

Percentile by Number Answered

Percent of People with Each Score

Your Score History

You have not taken this quiz